00509nam a2200157Ia 4500008004100000040001700041041001200058082001600070100001000086245004900096260003800145300001100183942000700194952013300201999001700334230917s9999||||xx |||||||||||||| ||und|| e185721aMAIN aEnglish a301.426 I2F aIndia 0aFamily welfare programme in India: Year book aNew DelhibIndia governmentc1989 a372 p. cBK 0010406301_426000000000000_I2F709114051aMAINbMAINd2011-06-29l0o301.426 I2Fp147750r2023-09-17 20:55:50w2023-09-17yBK c73472d73472